Developed computer-aided instructional materials in Rizal's life, works and writings by the college instructors of University of Rizal System, academic year 2013-2014/ (Record no. 9200)

MARC details
000 -LEADER
fixed length control field 01175nam a22002537i 4500
003 - CONTROL NUMBER IDENTIFIER
control field URS
005 - DATE AND TIME OF LATEST TRANSACTION
control field 20250325012934.0
008 - FIXED-LENGTH DATA ELEMENTS--GENERAL INFORMATION
fixed length control field 190228b ||||| |||| 00| 0 eng d
040 ## - CATALOGING SOURCE
Language of cataloging eng
Description conventions rda
Transcribing agency URS Pililla Library
082 00 - DEWEY DECIMAL CLASSIFICATION NUMBER
Item number T BSE SS1 2014
100 1# - MAIN ENTRY--PERSONAL NAME
Personal name Barcoma, Albert B.
Relator term researcher
245 10 - TITLE STATEMENT
Title Developed computer-aided instructional materials in Rizal's life, works and writings by the college instructors of University of Rizal System, academic year 2013-2014/
Statement of responsibility, etc. Albert B. Barcoma, Jhonric M. Lugtu, Charlton S.J. Pepano.
300 ## - PHYSICAL DESCRIPTION
Extent xvi, 123 leaves;
Dimensions 28 cm.
336 ## - CONTENT TYPE
Content type term text
Content type code txt
Source rdacontent
337 ## - MEDIA TYPE
Media type term unmediated
Media type code n
Source rdamedia
338 ## - CARRIER TYPE
Carrier type term volume
Carrier type code nc
Source rdacarrier
502 ## - DISSERTATION NOTE
Dissertation note Thesis
Degree type Bachelor of Secondary Education Major in Social Studies
Name of granting institution University of Rizal System Pililla
700 1# - ADDED ENTRY--PERSONAL NAME
Personal name Catapusan, Edna A.
Relator term adviser
700 1# - ADDED ENTRY--PERSONAL NAME
Personal name Lugtu, Jhonric M.
Relator term researcher
700 1# - ADDED ENTRY--PERSONAL NAME
Personal name Pepaño, Charlton S.J.
Dates associated with a name URS Pililla Library
Relator term researcher
856 ## - ELECTRONIC LOCATION AND ACCESS
Materials specified Online Request for Student Unpublished Works
Uniform Resource Identifier <a href="https://forms.gle/7LqvGGkaDrUQqz429">https://forms.gle/7LqvGGkaDrUQqz429</a>
856 ## - ELECTRONIC LOCATION AND ACCESS
Uniform Resource Identifier <a href="https://drive.google.com/file/d/1bZZI8ZVyv6aFHIVtqtaXfppsoFHczX2R/view?usp=sharing">https://drive.google.com/file/d/1bZZI8ZVyv6aFHIVtqtaXfppsoFHczX2R/view?usp=sharing</a>
942 ## - ADDED ENTRY ELEMENTS (KOHA)
Source of classification or shelving scheme Dewey Decimal Classification
Koha item type Theses and dissertations
Holdings
Withdrawn status Source of classification or shelving scheme Damaged status Not for loan Home library Current library Shelving location Date acquired Total Checkouts Full call number Barcode Date last seen Price effective from Koha item type
  Dewey Decimal Classification   Not For Loan Pililla College Library Pililla College Library General Stacks 02/28/2019   T BSE SS1 2014 T BSE SS1 2014 02/28/2019 02/28/2019 Theses and dissertations

University of Rizal System
Email us at univlibservices@urs.edu.ph

Visit our Website www.urs.edu.ph/library